00343nam a2200133Ia 4500003000400000005001700004008004100021020001900062040002800081100001500109245003900124260003800163300000800201OSt20240322104337.0170523s9999 xx 000 0 und d a978-9390113255 cIIMT UNIVERSITY, MEERUT aAPTE, P.G. 0aINTERNATIONAL FINANCIAL MANAGEMENT bTata McGraw HillaNEW DELHIc2008 a696